000 01447nam2a22002651 4500
001 v19\rc\1764712
005 20250619065428.0
035 _a(NLR Aleph) 004864069
090 _a5038656
_c5038656
100 _a20061204d1907 |||y0rusy50 ca
101 0 _arus
102 _aRU
105 _ay z |||||
200 0 _a[1907 г.]
210 _d1907
_aБ. м.
215 _a167 с.
311 _aБеспл. прил. к журн. "Церк. голос" за 1907 г.
422 0 _12001#$aЦерковный голос$v1907
_tЦерковный голос
461 0 _1001v19\rc\1764710
_12001#$aКаталог изданий Общества распространения религиозно-нравственного просвещения в духе православной церкви$v[1907 г.]
_95038640
_aОбщество распространения религиозно-нравственного просвещения в духе православной церкви (Петербург). Книжный склад
_cСанкт-Петербург
_d1903-1916
_tКаталог изданий Общества распространения религиозно-нравственного просвещения в духе православной церкви
_v[1907 г.]
801 0 _aRU
_bNLR
_gpsbo
801 0 _aRU
_bRuMoRGB
_2psbo
801 1 _aRU
_bProSoft-M
_2rusmarc
852 _aNLR
_j34.50.8.128
942 _cBOOK
980 _aNB